000 00905 a2200217 4500
005 20260202100903.0
008 260202b |||||||| |||| 00| 0 eng d
020 _a9788119141616 (hbk)
037 _cTB
040 _aCRL
_cCRL
041 _2hin
_ahin
084 _aO111,2J64,11 152R4
_qCRL
100 _aशेक्सपियर
_9861625
245 _aहैमलेट
260 _bअनन्य प्रकाशन,
_c2024.
_aदिल्ली, भारत:
300 _a136पृ.
650 _aअंग्रेजी साहित्य
_91113040
700 _aराघव, रांगेय
_eअनुवादक
_91113041
942 _cTB
_2CC
_n0
_hO111,2J64,11 152R4
999 _c1466837
_d1466837